Greek Mythology (H) - Statistics

General Stats
  • This quiz has been taken 132 times
  • The average score is 7 of 10
Answer Stats
Hint Answer % Correct
Who is Zeus's "wife"? Hera
100%
Who Kidnapped the Pomegranate Princesses? Hades
97%
Who Did 12 Labors? Heracles
97%
Who is the of God Fire and Blacksmithing? Hephaestus
93%
What creature's neck was cut off was replaced by two others? Hydra
93%
Who stole Apollo's Cattle? Hermes
83%
Who has the Roman Name Vesta? Hestia
78%
Who is Goddess Of Youth? Hebe
64%
Who helped Demeter Find Persephone? Hecate
35%
What titan Rode A Chariot over the sun? Helois
8%
No matching quizzes found
Score Distribution
Percent of People with Each Score
Percentile by Number Answered
Your Score History
You have not taken this quiz